Alfonso de Palencia (Record no. 182743)

MARC details
000 -LEADER
campo de control de longitud fija 00708nam a2200181 i 4500
001 - NÚMERO DE CONTROL
campo de control 182743
003 - IDENTIFICADOR DE NÚMERO DE CONTROL
campo de control ES-MaACL
005 - FECHA Y HORA DE LA ÚLTIMA TRANSACCIÓN
campo de control 20230906221711.0
007 - CAMPO FIJO DE DESCRIPCIÓN FÍSICA--INFORMACIÓN GENERAL
campo de control de longitud fija t|
008 - DATOS DE LONGITUD FIJA--INFORMACIÓN GENERAL
campo de control de longitud fija 131022s1990 sp ||||1| spa d
100 1# - ENTRADA PRINCIPAL--NOMBRE DE PERSONA
Nombre de persona Antelo Iglesias, Antonio.
9 (RLIN) 21870
245 10 - MENCIÓN DEL TÍTULO
Título Alfonso de Palencia
Resto del título : historiografía y humanismo en la Castilla del siglo XV /
Mención de responsabilidad, etc. Antonio Antelo Iglesias.
260 ## - PUBLICACIÓN, DISTRIBUCIÓN, ETC.
Lugar de publicación, distribución, etc. Madrid :
Nombre del editor, distribuidor, etc. Uned,
Fecha de publicación, distribución, etc. 1990.
300 ## - DESCRIPCIÓN FÍSICA
Extensión P. 21-40 ;
Dimensiones 24 cm.
500 ## - NOTA GENERAL
Nota general Separata de: Espacio, Tiempo y Forma: revista de la Facultad de Geografía e Historia, Serie III, Historia Medieval, t.3, 1990.
600 04 - PUNTO DE ACCESO ADICIONAL DE MATERIA--NOMBRE DE PERSONA
Nombre de persona Palencia, Alfonso de.
9 (RLIN) 88529
852 ## - LOCALIZACIÓN
Ubicación ES-MaACL
Número de control de estantería 2327-F-15
Nota libre .- Dedicatoria manuscrita del autor
Holdings
Estatus retirado Estado de pérdida Estado de daño No para préstamo Colección Biblioteca de origen Biblioteca actual Ubicación en estantería Fecha de adquisición Fuente de adquisición Total de préstamos Signatura topográfica completa Código de barras Visto por última vez Precio de reemplazo Tipo de ítem Koha
        Colección de folletos Biblioteca del Ateneo de Madrid Biblioteca del Ateneo de Madrid Depósito folletos 22/10/2013     2327-F-15 1192056 23/02/2023 23/02/2023 Folleto